El pensamiento regional en movimiento
Saved in:
| Institution som forfatter: | |
|---|---|
| Format: | Bog |
| Sprog: | spansk |
| Udgivet: |
Valparaíso
CER
2004
|
| Udgivelse: | 1a. ed |
| Fag: | |
| Tags: |
Tilføj Tag
Ingen Tags, Vær først til at tagge denne postø!
|
MARC
| LEADER | 00000cam a2200000 a 4500 | ||
|---|---|---|---|
| 001 | UCK1578 | ||
| 003 | CL-VaPUC | ||
| 008 | 041119e20040000CL |||||||||||||||||spa|d | ||
| 020 | |a 9567944547 | ||
| 082 | 0 | 4 | |a 338.983 |b CEN |2 21 |
| 110 | 2 | |a Centro de Estudios de la Región de Valparaíso |e author |9 489460 | |
| 245 | 1 | 3 | |a El pensamiento regional en movimiento |
| 246 | 1 | 0 | |a Resúmenes de tesis universitarias de interés regional, 1998-2003 |
| 250 | |a 1a. ed | ||
| 300 | |a 331 p | ||
| 942 | |c BK | ||
| 945 | |d 20041119 00:00:00 |a cmena | ||
| 260 | |a Valparaíso |b CER |c 2004 | ||
| 500 | |a Incluye Cd-Rom: Resúmenes de tesis universitarias de interés regional, 1998-2003 | ||
| 500 | |a En Biblioteca de Derecho sólo Cd-Rom | ||
| 500 | |a En Biblioteca de Educación sólo texto | ||
| 650 | 0 | |a Desarrollo regional |9 354599 | |
| 650 | 0 | |a Regionalización |9 255465 | |
| 650 | 0 | |a Desarrollo económico y social |9 256320 | |
| 650 | 0 | |a Administración pública |9 255343 | |
| 650 | 0 | |a Proyectos de inversión |9 261065 | |
| 650 | 0 | |a Educación superior |9 223851 | |
| 650 | 0 | |a Toma de decisiones |9 257530 | |
| 650 | 0 | |a Planificación estratégica |9 259735 | |
| 651 | 0 | |a Región 05 |9 267528 | |
| 583 | |a last modification |c 20130701 03:48:31 |k Rodrigo Vera | ||
| 999 | |c 311488 |d 311486 | ||
| 952 | |0 0 |1 0 |4 0 |6 338_983000000000000_CEN_2004 |7 0 |8 A |9 380898 |a BIBGIM |b BIBGIM |d 2019-11-21 |i 4079981 |o 338.983 CEN 2004 |p 4079981 |r 2025-01-15 |w 2019-11-21 |y BK |k GIM | ||
| 952 | |0 0 |1 0 |2 ddc |4 0 |6 338_983000000000000_CEN_2004 |7 0 |8 A |9 380899 |a BIBDER |b BIBDER |d 2019-11-21 |h cd |i 4087852 |o 338.983 CEN 2004 |p 4087852 |r 2023-01-25 |w 2019-11-21 |y BK |k DER | ||
| 952 | |0 0 |1 0 |4 0 |6 338_983000000000000_CEN_2004 |7 0 |8 A |9 380901 |a BIBGIM |b BIBGIM |d 2019-11-21 |i 4094506 |o 338.983 CEN 2004 |p 4094506 |r 2025-01-15 |w 2019-11-21 |y BK |k GIM | ||
| 952 | |0 0 |1 0 |4 0 |6 338_983000000000000_CEN_2004 |7 0 |8 A |9 380902 |a BIBING |b BIBING |d 2019-11-21 |i 4094514 |o 338.983 CEN 2004 |p 4094514 |r 2025-01-20 |w 2019-11-21 |y BK |k ING | ||
| 952 | |0 0 |1 0 |2 ddc |4 0 |6 338_983000000000000_CEN_2004 |7 0 |8 A |9 380904 |a BIBALI |b BIBALI |c GEN |d 2019-11-21 |i 4094530 |o 338.983 CEN 2004 |p 4094530 |r 2025-01-20 |w 2019-11-21 |y BK |k ALI | ||
| 952 | |0 0 |1 0 |4 0 |6 338_983000000000000_CEN_2004 |7 0 |8 A |9 380905 |a BIBEDU |b BIBEDU |d 2019-11-21 |i 4094549 |o 338.983 CEN 2004 |p 4094549 |r 2019-11-21 |w 2019-11-21 |y BK |k BME | ||
| 952 | |0 0 |1 0 |2 ddc |4 0 |6 338_983000000000000_CEN_2004 |7 0 |8 A |9 380906 |a BIBCUR |b BIBCUR |c GEN |d 2019-11-21 |i 4098161 |o 338.983 CEN 2004 |p 4098161 |r 2025-04-22 |w 2019-11-21 |y BK |k PER | ||
| 952 | |0 0 |1 0 |4 0 |6 338_983000000000000_CEN_2004 |7 0 |8 A |9 380907 |a BIBCUR |b BIBCUR |d 2019-11-21 |i 409817K |o 338.983 CEN 2004 |p 409817K |r 2025-04-22 |w 2019-11-21 |y BK |k PER | ||
| 952 | |0 0 |1 0 |4 0 |6 338_983000000000000_CEN_2004 |7 0 |8 A |9 380908 |a BIBCUR |b BIBCUR |d 2019-11-21 |i 4098188 |o 338.983 CEN 2004 |p 4098188 |r 2025-04-22 |w 2019-11-21 |y BK |k PER | ||
| 952 | |0 0 |1 0 |4 0 |6 338_983000000000000_CEN_2004 |7 0 |8 A |9 380909 |a BIBEDU |b BIBEDU |d 2019-11-21 |i 4113721 |o 338.983 CEN 2004 |p 4113721 |r 2019-11-21 |w 2019-11-21 |y BK |k EBA | ||
| 952 | |0 0 |1 0 |4 0 |6 338_983000000000000_CEN_2004 |7 0 |8 A |9 380910 |a BIBEDU |b BIBEDU |d 2019-11-21 |i 4159896 |o 338.983 CEN 2004 |p 4159896 |r 2019-11-21 |w 2019-11-21 |y BK |k EPE | ||
| 952 | |0 0 |1 0 |4 0 |6 338_983000000000000_CEN_2004 |7 0 |8 A |9 380911 |a BIBHIS |b BIBHIS |d 2019-11-21 |i 4313992 |o 338.983 CEN 2004 |p 4313992 |r 2025-01-20 |w 2019-11-21 |y BK |k HIS | ||
| 952 | |0 0 |1 0 |2 ddc |4 0 |6 338_983000000000000_CEN_2004 |7 0 |8 A |9 380912 |a BIBCUR |b BIBCUR |c GEN |d 2019-11-21 |i 4331427 |o 338.983 CEN 2004 |p 4331427 |r 2025-04-22 |w 2019-11-21 |y BK |k BCB | ||
| 952 | |0 0 |1 0 |4 0 |6 338_983000000000000_CEN_2004 |7 0 |8 A |9 380913 |a BIBING |b BIBING |d 2019-11-21 |i 4521447 |o 338.983 CEN 2004 |p 4521447 |r 2025-01-20 |w 2019-11-21 |y BK |k ING | ||
| 952 | |0 0 |1 0 |4 0 |6 338_983000000000000_CEN_2004 |7 0 |8 A |9 380914 |a BIBING |b BIBING |d 2019-11-21 |i 4557786 |o 338.983 CEN 2004 |p 4557786 |r 2025-01-20 |w 2019-11-21 |y BK |k ING | ||
| 952 | |0 0 |1 0 |4 0 |6 338_983000000000000_CEN_2004 |7 0 |8 X |9 380915 |a FDOBUD |b FDOBUD |d 2019-11-21 |i 4682246 |o 338.983 CEN 2004 |p 4682246 |r 2019-11-21 |w 2019-11-21 |y BK_X |k BUD | ||
| 952 | |0 0 |1 0 |4 0 |6 338_983000000000000_CEN_2004 |7 0 |8 A |9 380916 |a BIBDER |b BIBDER |d 2019-11-21 |i 4984374 |o 338.983 CEN 2004 |p 4984374 |r 2023-01-25 |w 2019-11-21 |y BK |k DER | ||
| 952 | |0 0 |1 0 |3 erb |4 0 |6 338_983000000000000_CEN_2004 |7 0 |8 A |9 380917 |a BIBEDU |b BIBEDU |i 5336449 |o 338.983 CEN 2004 |p 5336449 |r 2019-11-21 |w 2019-11-21 |y BK |z Catalogado en:20160807 |k EPE | ||